Statistics for European first rugby divisions' clubs.

Click here to take the quiz!

General Stats

  • This quiz has been taken 26 times
    (11 since last reset)
  • The average score is 35 of 43

Answer Stats

Clubs% Correct
Cardiff rugby
100%
Edimbourg
100%
Leicester Tigers
100%
Munster
100%
Sale Sharks
100%
Bristol Bears
100%
Stade toulousain
100%
Stade français Paris
100%
Castres olympique
89%
Gloucester RFC
89%
Harlequins
89%
Leinster
89%
Wasps
89%
Northampton Saints
89%
USA Perpignan
89%
Ulster
89%
Stormers
89%
London Irish
89%
Saracens
89%
Glasgow Warriors
89%
RC Toulon
89%
Connacht
89%
Union Bordeaux-Bègles
89%
Lyon OU
89%
Exeter Chiefs
89%
Bath rugby
78%
Newcastle Falcons
78%
Bulls
78%
Dragons
78%
Ospreys
78%
Section paloise
78%
Montpellier HR
78%
Scarlets
67%
Sharks
67%
ASM Clermont
67%
Aviron bayonnais
67%
Racing 92
67%
Stade rochelais
67%
Benetton Trévise
56%
Worcester Warriors
56%
Lions
56%
Zebre
56%
CA Brive
44%

Score Distribution

Percentile by Number Answered

Percent of People with Each Score

Your Score History

You have not taken this quiz since the last reset